Target TOEIC : Upgrading TOEIC test-taking skills
保存先:
| 第一著者: | |
|---|---|
| フォーマット: | 図書 |
| 言語: | Undetermined |
| 出版事項: |
Thành phố Hồ Chí Minh
Trẻ
2009
|
| 主題: | |
| タグ: |
タグ追加
タグなし, このレコードへの初めてのタグを付けませんか!
|
| Thư viện lưu trữ: | Trung tâm Học liệu Trường Đại học Cần Thơ |
|---|
| LEADER | 00648nam a2200229Ia 4500 | ||
|---|---|---|---|
| 001 | CTU_155390 | ||
| 008 | 210402s9999 xx 000 0 und d | ||
| 020 | |c 142000 | ||
| 082 | |a 428.0076 | ||
| 082 | |b T238 | ||
| 100 | |a Taylor, Anne | ||
| 245 | 0 | |a Target TOEIC : | |
| 245 | 0 | |b Upgrading TOEIC test-taking skills | |
| 245 | 0 | |c Anne Taylor | |
| 260 | |a Thành phố Hồ Chí Minh | ||
| 260 | |b Trẻ | ||
| 260 | |c 2009 | ||
| 650 | |a English language,Rest of english,Anh ngữ,Kiểm tra tiếng Anh | ||
| 650 | |x TOEIC,TOEIC | ||
| 904 | |i QHiếu | ||
| 915 | |a 400 | ||
| 980 | |a Trung tâm Học liệu Trường Đại học Cần Thơ | ||